Countries with Declining Population 2026 - Statistics

General Stats
  • This quiz has been taken 33 times
  • The average score is 10 of 15
Answer Stats
Rate (%) Country % Correct
-1.77 Greece
93%
-1.22 Moldova
93%
-0.98 Estonia
90%
-0.84 Latvia
90%
-0.66 Serbia
90%
-0.72 Bosnia and Herzegovina
83%
-0.72 Croatia
83%
-0.71 Albania
80%
-0.90 Poland
80%
-1.04 Czechia
77%
-0.71 Armenia
53%
-3.38 Marshall Islands
33%
-0.76 Monaco
30%
-1.69 Tuvalu
30%
-0.70 Saint Vincent and the Grenadines
10%
No matching quizzes found
Score Distribution
Percent of People with Each Score
Percentile by Number Answered
Your Score History
You have not taken this quiz